LEADER 05031oam 2200649 a 450 001 9910272869103321 005 20170809161918.0 010 $a1-4492-0784-7 010 $a1-4237-5743-2 035 $a(CKB)1000000000368258 035 $a(EBL)3170765 035 $a(OCoLC)923020954 035 $a(SSID)ssj0001029939 035 $a(PQKBManifestationID)11683885 035 $a(PQKBTitleCode)TC0001029939 035 $a(PQKBWorkID)11053843 035 $a(PQKB)10415011 035 $a(MiAaPQ)EBC3170765 035 $a(EXLCZ)991000000000368258 100 $a20200607e20042006 || | 101 0 $aspa 135 $aur|n|---||||| 181 $ctxt 182 $cc 183 $acr 200 14$aLos tratados internacionales y su aplicacio?n en el tiempo$b[recurso electronico] $econsideraciones sobre el efecto inicial de las disposiciones convencionales /$fEsperanza Orihuela Calatayud 210 $aMadrid $cDykinson$d2004 215 $a1 online resource (341 p.) 225 0$aCuadernos internacionales 300 $aDescription based upon print version of record. 311 $a84-9772-551-4 327 $aLOS TRATADOS INTERNACIONALES Y SU APLICACIO?N EN EL TIEMPO; Legales ; I?NDICE; ABREVIATURAS UTILIZADAS; INTRODUCCIO?N; Primera Parte: LA APLICACIO?N DE LAS DISPOSICIONES CONVENCIONALES EN EL TIEMPO Y EL ARTI?CULO 28 DE LA CONVENCIO?N DE VIENA; Capi?tulo primero: LA APLICACIO?N DE LAS NORMAS EN EL TIEMPO: REGI?MENES DETERMINANTES DEL EFECTO INICIAL; Capi?tulo segundo: DIFERENCIAS ENTRE APLICACIO?N RETROACTIVA Y APLICACIO?N DE DISPOSICIONES CONVENCIONALES ANTES DE SU ENTRADA EN VIGOR; Capi?tulo tercero: LA REGLA CONTENIDA EN EL ARTI?CULO 28 DE LA CONVENCIO?N DE VIENA: PECULIARIDADES Y ALCANCE 327 $a1. LA SINGULARIDAD DE SU REGULACIO?N2. EL ALCANCE MATERIAL DEL ARTI?CULO 28: IRRETROACTIVIDAD Y EFECTO INMEDIATO; Segunda Parte: LA VOLUNTAD DE LAS PARTES Y EL EFECTO INICIAL DE LAS DISPOSICIONES CONVENCIONALES; Capi?tulo cuarto: LA RETROACTIVIDAD EXPRESA DE LAS DISPOSICIONES CONVENCIONALES; 1. LOS TRATADOS QUE PREVE?N LA APLICACIO?N RETROACTIVA Y LOS MOTIVOS QUE LA PROVOCAN; 2. ALCANCE MATERIAL Y TEMPORAL DE LA RETROACTIVIDAD; Capi?tulo quinto: LA RETROACTIVIDAD IMPLI?CITA DE LAS DISPOSICIONES CONVENCIONALES Y LOS TRATADOS ESENCIALMENTE RETROACTIVOS; 1. LA RETROACTIVIDAD IMPLI?CITA 327 $a2. LOS TRATADOS ESENCIALMENTE RETROACTIVOS2.1. LOS TRATADOS SOBRE CORRECCIO?N DE ERRORES Y DE INTERPRETACIO?N; 2.2. LOS TRATADOS REGULADORES DE HECHOS PRETE?RITOS. ¿TRATADOS ESENCIALMENTE RETROACTIVOS?; Capi?tulo sexto: EL ESTABLECIMIENTO DE UNA PLURALIDAD DE REGI?MENES EN UN MISMO TRATADO; 1. LOS TRATADOS SOBRE SEGURIDAD SOCIAL; 2. LOS TRATADOS TENDENTES A EVITAR LA DOBLE IMPOSICIO?N Y LA EVASIO?N FISCAL; 3. LOS TRATADOS SOBRE RECONOCIMIENTO Y EJECUCIO?N DE RESOLUCIONES EXTRANJERAS; Capi?tulo se?ptimo: LA CONTRATACIO?N MULTILATERAL Y LA MODIFICACIO?N DEL EFECTO INICIAL DE LOS TRATADOS 327 $aTercera Parte: LA REGLA DE VIENA PARA LA DETERMINACIO?N DEL EFECTO INICIAL DE LOS TRATADOS Y DISPOSICIONES CONVENCIONALESCapi?tulo octavo: LA FECHA CRI?TICA DE LA APLICACIO?N DEL TRATADO INTERNACIONAL: LA ENTRADA EN VIGOR; 1. ¿ENTRADA EN VIGOR O ENTRADAS EN VIGOR?; 2. LAS PECULIARIDADES DE LA CONTRATACIO?N MULTILATERAL; 3. DIFERENCIAS ENTRE CONTRATANTES SOBRE LA ENTRADA EN VIGOR; Capi?tulo noveno: LAS DIFICULTADES EN LA APLICACIO?N DE LA REGLA DE VIENA: LA DETERMINACIO?N DEL HECHO CAUSANTE DE LA APLICACIO?N DEL TRATADO; 1. LOS TRATADOS SOBRE RECONOCIMIENTO Y EJECUCIO?N DE RESOLUCIONES EXTRANJERAS 327 $a2. LOS TRATADOS DE EXTRADICIO?N3. LOS TRATADOS RELATIVOS A LA READMISIO?N DE PERSONAS EN SITUACIO?N IRREGULAR; Cuarta Parte: EL EFECTO INICIAL DE LOS TRATADOS Y DISPOSICIONES SOBRE ARREGLO PACI?FICO DE LAS CONTROVERSIAS; Capi?tulo de?cimo: LOS TRATADOS Y LAS DISPOSICIONES CONVENCIONALES SOBRE ARREGLO PACI?FICO DE LAS CONTROVERSIAS; Capi?tulo unde?cimo: EL ALCANCE TEMPORAL DE LOS TRATADOS Y CLA?USULAS DE ARREGLO PACI?FICO Y LA CALIFICACIO?N DEL RE?GIMEN DE APLICACIO?N; 1. EL ALCANCE TEMPORAL DE LOS TRATADOS Y CLA?USULAS DE ARREGLO PACI?FICO DE LAS CONTROVERSIAS 327 $a1.1. LA REGLA GENERAL DE APLICACIO?N TEMPORAL DE LOS TRATADOS Y CLA?USULAS DE ARREGLO PACI?FICO... 606 $aTreaties$2lcsh 606 $aTreaty-making power$2lcsh 606 $aTreaties$zSpain$2lcsh 606 $aTratados$2unescot 606 $aEspan?a$2unescot 606 $aTratados internacionales$2unescot 608 $aElectronic books. 615 7$aTreaties. 615 7$aTreaty-making power. 615 7$aTreaties 615 7$aTratados. 615 7$aEspan?a. 615 7$aTratados internacionales. 700 $aOrihuela Calatayud$b Esperanza$0599150 712 02$ae-libro, Corp. 801 0$bMiAaPQ 906 $aBOOK 912 $a9910272869103321 996 $aLos tratados internacionales y su aplicacio?n en el tiempo$91973672 997 $aUNINA LEADER 01066nam0 22002891i 450 001 UON00155671 005 20231205102940.823 020 $aIT$b4003111125 100 $a20020214d1988 |0itac50 ba 101 $ajpn 102 $aJP 105 $a||||p ||||| 200 1 $aAbura Jikoku$fSaito Ryoku 210 $aTokyo$cIwanami shoten$d1988 215 $a102 p.$d15 cm 410 1$1001UON00018422$12001 $aIwanami Bunko$v31-111-2 606 $aLetteratura Giapponese$xeta Moderna$3UONC018064$2FI 620 $aJP$dTo?kyo?$3UONL000031 686 $aGIA SERIE$cGIAPPONE - SERIE$2A 700 0$aSAITO Ryoku$3UONV068621$0635512 712 $aIwanami shoten$3UONV246463$4650 801 $aIT$bSOL$c20260227$gRICA 899 $aSIBA - SISTEMA BIBLIOTECARIO DI ATENEO E ARCHIVIO STORICO$2UONSI 912 $aUON00155671 950 $aSIBA - SISTEMA BIBLIOTECARIO DI ATENEO E ARCHIVIO STORICO$dSI GIA SERIE 045 (188) $eSI SA 103029 7 (188) 996 $aAbura Jikoku$91285837 997 $aUNIOR LEADER 01318nam0 22003011i 450 001 UON00073579 005 20240110125852.126 100 $a20020107d1892 |0itac50 ba 101 $aeng 102 $aGB 105 $a||||a ||||| 200 1 $aˆA ‰bibliography of Morocco from the earliest times to the end of 1891$fby R. Lambert Playfair 205 $aLondon : Murray$b1892 210 $aP. 203-476, c. di tav. ; 25 cm 215 $aParte IV di: Bibliography of the barbary states 316 $adata inesatta$5IT-UONSI B Afr6/017* 410 1$1001UON00066567$12001 $aSupplementary papers$fRoyal Geographical Society$v3,3 606 $aMarocco$xBibliografia$3UONC021030$2FI 620 $aGB$dLondon$3UONL003044 676 $a016.964$cBIBLIOGRAFIA DEL MAROCCO$v21 700 1$aPLAYFAIR$bLambert R.$3UONV048351$0659196 712 $a*Murray *John$3UONV078538$4650 801 $aIT$bSOL$c20260410$gRICA 899 $aSIBA - SISTEMA BIBLIOTECARIO DI ATENEO E ARCHIVIO STORICO$2UONSI 912 $aUON00073579 950 $aSIBA - SISTEMA BIBLIOTECARIO DI ATENEO E ARCHIVIO STORICO$dSI 6 017* $eSI MR 4394 7 017* data inesatta 996 $aBibliography of Morocco from the earliest times to the end of 1891$91165832 997 $aUNIOR